| 000 | 01422cam a22003374i 4500 | ||
|---|---|---|---|
| 999 |
_c128673 _d128673 |
||
| 001 | 17789541 | ||
| 003 | ARRUPE | ||
| 005 | 20181129121540.0 | ||
| 008 | 130624s2014 nju b 001 0 eng | ||
| 010 | _a 2013025754 | ||
| 020 | _a9780691147451 (hardback : acidfree paper) | ||
| 040 |
_aDLC _beng _erda _cDLC _dDLC |
||
| 041 | 1 |
_aeng _hger |
|
| 042 | _apcc | ||
| 050 | 0 | 0 |
_aD358 _b.O8813 2014 |
| 082 | 0 | 0 |
_a909.81 _223 |
| 100 | 1 |
_aOsterhammel, Jürgen. _943697 |
|
| 245 | 1 | 4 |
_aThe transformation of the world : _ba global history of the nineteenth century / _cJurgen Osterhammel. |
| 260 |
_aPrinceton _bPrinceton University Press _c2014 |
||
| 300 |
_axxii, 1167 pages ; _c24 cm. |
||
| 490 | 0 | _aAmerica in the world | |
| 500 | _a"First published in Germany by C.H. Beck under the title Die Verwandlung der Welt, Verlag C.H. Beck oHG, Munchen 2009." | ||
| 504 | _aIncludes bibliographical references and indexes. | ||
| 650 | 0 |
_aHistory, Modern _y19th century. _943698 |
|
| 856 | 4 | 2 |
_3Book review (H-Net) _uhttp://www.h-net.org/reviews/showrev.php?id=42123 |
| 906 |
_a7 _bcbc _corignew _d1 _eecip _f20 _gy-gencatlg |
||
| 942 |
_2lcc _cMONOGRAPH |
||